Logo BPK

Biblioteka

Politechniki Koszalińskiej

Badanie wpływu parametrów wzmocnienia na nośność stalowych cylindrycznych powłok użebrowanych pionowo / (Rekord nr 28734)

Szczegóły MARC
000 -ETYKIETA REKORDU
podpole kontrolne o stałej długości 00614nam a2200181 i 4500
001 - NUMER KONTROLNY REKORDU
pole kontrolne bg
040 ## - ŹRÓDŁO KATALOGOWANIA
Instytucja, która utworzyła rekord BPK
041 ## - KOD JĘZYKA
Kod języka tekstu pol
080 ## - UNIWERSALNA KLASYFIKACJA DZIESIĘTNA - UKD
UKD 624.07:620.1
008 - POLE O STAŁEJ DŁUGOŚCI - DANE KONTROLNE
podpole kontrolne o stałej długości s pl f |000 0 pol
100 1# - NAZWA OSOBOWA
Nazwa osobowa BANACHEWICZ, Wiesława
245 #0 - TYTUŁ/ODPOWIEDZIALNOŚĆ
Tytuł Badanie wpływu parametrów wzmocnienia na nośność stalowych cylindrycznych powłok użebrowanych pionowo /
Pozostałe elementy strefy tytułu i oznaczenia odpowiedzialności W.Banachewicz.
260 ## - STREFA ADRESU WYDAWNICZEGO
Miejsce wydania Lublin,
Data publikacji, dystrybucji/powstania dokumentu 1988.
490 1# - STREFA SERII I DOKUMENTU WIELOCZĘŚCIOWEGO - FORMA NIE DO WYSZUKIWANIA
Tytuł i oznaczenie odpowiedzialności serii Prace Naukowe Politechniki Lubelskiej. Budownictwo ;
Numeracja w obrębie serii 27
500 ## - UWAGI OGÓLNE
Tekst uwagi Numeracja ser. gł. : 175.
830 #0 - HASŁO DODATKOWE SERII LUB DOKUMENTU WIELOCZĘŚCIOWEGO - TYTUŁ UJEDNOLICONY
Tytuł ujednolicony Prace Naukowe Politechniki Lubelskiej.
Nazwa części/sekcji dzieła Budownictwo ;
Oznaczenie tomu 27
856 ## - LOKALIZACJA I DOSTĘP DO ELEKTRONICZNYCH DOKUMENTÓW ZDALNYCH
Link (URL) http://koha.tu.koszalin.pl/cgi-bin/koha/opac-detail.pl?biblionumber=28734
Tekst linku Katalog online BPK
942 ## - DODATKOWE ELEMENTY (KOHA)
Typ dokumentu Książka
Egzemplarze
Wycofany Status egzemplarza Uszkodzony Dostępność Lokalizacja stała Lokalizacja bieżąca Miejsce przechowywania Sygnatura Kod kreskowy Typ dokumentu
      Dostępny Biblioteka Politechniki Koszalińskiej Biblioteka Politechniki Koszalińskiej Wypożyczalnia BG 34627 01596878 Książka
© 2023 Biblioteka Politechniki Koszalińskiej :: KOHA